01896nam a22001817a 4500008004100000020001800041050002100059245015300080260004500233300003600278500007600314505113200390650003401522650003401556650002901590700005001619700004501669140819b2012 sp ||||| |||| 00| 0 spa d a9788499589176 aHV5801bE76 2012 aEstratégias de intervención en la prevención de drogodependienciasc/ coordinadores José A., García del Castillo: Carmen López-Sánchez aEspañab: Editorial Síntesisc, 2012 a301 páginasb: ilustraciones  aIncluye: Indice, Relación de autores, Prólogo, Nota bibliográfica a1. Aspectos generales sobre la prevención Aproximación preliminar a la prevención del consumo de drogas ¿Prevenir? Análisis histórico de la prevención 2. Desarrollo de programas de prevención Elementos que debe tener un programa preventivo eficaz Factores de riesgo y protección para el consumo de drogas en adolescentes Diseño de programas de prevención de drogas Técnicas aplicadas a la prevención de la drogodependencia Evaluación de programas de prevención del consumo de drogas Difusión de los avances en prevención escolar del consumo de drogas intervención ante los nuevos patrones juveniles de consumo de alcohol 3. Prevención sobre conductas específicas en drogodependencias Programa de prevención escolar basados en la evidencia Programas de prevención escolar basados en la evidencia 4. Pilares fundamentales para la prevención de las drogodependencias La educación ante el consumo de drogas La prevención familiar del consumo de drogas en adolescentes y jóvenes La prevención de las drogodependencias en el ámbito laboral  aABUSO DE DROGASxPREVENCIÓN aDROGADICTOSxREHABILITACIÓN aDROGADICTOSxTRATAMIENTO aGarcía del Castillo, José A.ecoordinador aLópez - Sánchez, Carmenecoordinador